From Tribe to caste / (Record no. 123056)

MARC details
000 -LEADER
fixed length control field 00696nam a22002297a 4500
005 - DATE AND TIME OF LATEST TRANSACTION
control field 20170124105919.0
010 ## - LIBRARY OF CONGRESS CONTROL NUMBER
LC control number A-950055
020 ## - INTERNATIONAL STANDARD BOOK NUMBER
Terms of availability 00.00
035 ## - SYSTEM CONTROL NUMBER
System control number A-950055
037 ## - SOURCE OF ACQUISITION
Source of stock number/acquisition Cen Lib/Ret
040 ## - CATALOGING SOURCE
Original cataloging agency DPL
Language of cataloging EN
082 ## - DEWEY DECIMAL CLASSIFICATION NUMBER
Classification number 307.772
Item number FRO
245 ## - TITLE STATEMENT
Title From Tribe to caste /
Statement of responsibility, etc edited by Dev Nathan
260 ## - PUBLICATION, DISTRIBUTION, ETC. (IMPRINT)
Place of publication, distribution, etc Shimla
Name of publisher, distributor, etc Indian institute of advanced study
Date of publication, distribution, etc 1997
270 ## - ADDRESS
Address Indian institute of advanced study rashtrapati nivas
City Shimla
Postal code 171005
300 ## - PHYSICAL DESCRIPTION
Extent 462p.
Dimensions 21cm (Hb)
500 ## - GENERAL NOTE
General note Includes contributors
650 ## - SUBJECT ADDED ENTRY--TOPICAL TERM
Topical term or geographic name as entry element Social science
9 (RLIN) 81003
650 ## - SUBJECT ADDED ENTRY--TOPICAL TERM
Topical term or geographic name as entry element Anthropology-India
9 (RLIN) 81004
700 ## - ADDED ENTRY--PERSONAL NAME
Personal name Nathan, Dev
9 (RLIN) 22646
942 ## - ADDED ENTRY ELEMENTS (KOHA)
Source of classification or shelving scheme Dewey Decimal Classification
Koha item type English Books
Classification part 307.772
Call number suffix FRO
Holdings
Withdrawn status Lost status Damaged status Not for loan Home library Current library Date acquired Source of acquisition Cost, normal purchase price Total Checkouts Full call number Barcode Date last seen Copy number Cost, replacement price Price effective from Koha item type Public note
Written off       Central Library Central Library 02/06/2015 Cen Lib/Ret 0.00   307.772 FRO A-950055 02/06/2015 1 0.00 02/06/2015 English Books Written off on approval by DLB (By Circulation); dtd 15-06-2023

© Delhi Public Library
Hit Counter
free hit counter